000 00565nam a22001697a 4500
005 20130913123321.0
010 _aENG-108154
020 _a9789381904152
_c780.00
035 _aEN-91687
037 _bDBAD/PUB
082 _a320.5320954
245 1 0 _aNaxal violence :
_cedited by Gurmeet Kanwal [and] Katoch Dhruv C
_bthe threat within /
260 _aNew Delhi
_bK.W. Publishers
_c2012
270 _a4676/21, First Floor, Ansari Road, Daryaganj
_bNew Delhi
_e110002
300 _axiii,247p. :
_c24cm(Hb)
_bill.
942 _2ddc
_cEN
_mNAX
_h320.5320954
999 _c78079
_d78079